COMPARISON OF RED MAIZE AT ROYAL UNIVERSITY OF AGRICULTURE ប្រៀបធៀបពូជពោតក្រហមនៅសាកលវិទ្យាល័យភូមិន្ធកសិកម្ម. (Record no. 1248)
[ view plain ]
| 000 -LEADER | |
|---|---|
| fixed length control field | 00575nam a22001577a 4500 |
| 003 - CONTROL NUMBER IDENTIFIER | |
| control field | OSt |
| 005 - DATE AND TIME OF LATEST TRANSACTION | |
| control field | 20150925141311.0 |
| 008 - FIXED-LENGTH DATA ELEMENTS--GENERAL INFORMATION | |
| fixed length control field | 150925b xxu||||| |||| 00| 0 eng d |
| 040 ## - CATALOGING SOURCE | |
| Transcribing agency | RUA |
| 082 ## - DEWEY DECIMAL CLASSIFICATION NUMBER | |
| Classification number | AGR CHH 2013 BO55 Or.1 |
| 100 ## - MAIN ENTRY--PERSONAL NAME | |
| 9 (RLIN) | 1327 |
| Personal name | CHHUM, SATHYANEITH |
| 245 ## - TITLE STATEMENT | |
| Title | COMPARISON OF RED MAIZE AT ROYAL UNIVERSITY OF AGRICULTURE ប្រៀបធៀបពូជពោតក្រហមនៅសាកលវិទ្យាល័យភូមិន្ធកសិកម្ម. |
| 260 ## - PUBLICATION, DISTRIBUTION, ETC. (IMPRINT) | |
| Place of publication, distribution, etc. | phnom phen |
| Name of publisher, distributor, etc. | RUA |
| Date of publication, distribution, etc. | 2013 |
| 300 ## - PHYSICAL DESCRIPTION | |
| Extent | VIII,52p. |
| Other physical details | ill. |
| Dimensions | 29cm. |
| 942 ## - ADDED ENTRY ELEMENTS (KOHA) | |
| Source of classification or shelving scheme | |
| Koha item type | AGR |
| Price effective from | Date last seen | Permanent Location | Not for loan | Date acquired | Source of classification or shelving scheme | Koha item type | Lost status | Withdrawn status | Total Renewals | Date last checked out | Total Checkouts | Shelving location | Damaged status | Barcode | Current Location | Full call number |
|---|---|---|---|---|---|---|---|---|---|---|---|---|---|---|---|---|
| 2015-09-25 | 2016-11-08 | Library Block B | 2015-09-25 | AGR | 2016-10-04 | 3 | B055 | RUA005467 | Library Block B | AGR CHH 2013 BO55 Or.1 | ||||||
| 2015-09-25 | 2016-07-08 | Library Block B | 2015-09-25 | AGR | 2016-06-08 | 1 | B055 | RUA006346 | Library Block B | AGR CHH 2013 BO55 Or.2 | ||||||
| 2015-09-25 | 2022-12-23 | Library Block B | 2015-09-25 | AGR | 2 | 2022-12-16 | 5 | B055 | RUA006991 | Library Block B | AGR CHH 2013 BO55 Or.3 | |||||
| 2015-09-25 | 2015-09-25 | Library Block B | 2015-09-25 | AGR | B055 | RUA006932 | Library Block B | AGR CHH 2013 BO55 Or.4 | ||||||||
| 2015-09-25 | 2019-12-03 | Library Block B | 2015-09-25 | AGR | 2019-11-15 | 6 | B055 | RUA006377 | Library Block B | AGR CHH 2013 BO55 Or.5 | ||||||
| 2015-09-25 | 2018-06-19 | Library Block B | 2015-09-25 | AGR | 2018-06-05 | 1 | B055 | RUA006850 | Library Block B | AGR CHH 2013 BO55 Or.6 | ||||||
| 2015-09-25 | 2020-11-25 | Library Block B | 2015-09-25 | AGR | 2020-10-28 | 1 | B055 | RUA006922 | Library Block B | AGR CHH 2013 BO55 Or.7 | ||||||
| 2015-09-28 | 2015-09-28 | Library Block B | 2015-09-28 | AGR | B055 | RUA(06274 | Library Block B | AGR CHH 2013 BO55 Or.8 | ||||||||
| 2018-12-21 | 2024-07-24 | Library Block B | 2018-12-21 | AGR | 2024-07-09 | 3 | B1.194 | A41706 | Library Block B | AGR CHH 2013 B1.194 Or.1 | ||||||
| 2018-12-21 | 2023-04-24 | Library Block B | 2018-12-21 | AGR | 2023-03-29 | 2 | B1.194 | A41574 | Library Block B | AGR CHH 2013 B1.194 Or.2 |